[Event "PRO League KO Stage 2017"]
[Site "chess.com INT"]
[Date "2017.03.08"]
[Round "2"]
[White "Checa,Nicolas D"]
[Black "Li Chao2"]
[Result "0-1"]
[WhiteElo "2400"]
[BlackElo "2720"]

1.d4 Nf6 2.c4 c5 3.d5 e6 4.Nc3 exd5 5.cxd5 Bd6 6.Bg5 O-O 7.Nf3 Re8 8.e3 Bf8
9.Be2 d6 10.h3 Nbd7 11.O-O a6 12.a4 Rb8 13.Nd2 h6 14.Bh4 Ne5 15.e4 Bd7 16.a5
g5 17.Bg3 Bg7 18.f4 gxf4 19.Bxf4 Nh7 20.Kh1 Qe7 21.Bxe5 Bxe5 22.Bg4 Bxg4
23.Qxg4+ Qg5 24.Qe2 Qg6 25.Rae1 Bg3 26.Rb1 Nf6 27.Rf3 Nh5 28.Nc4 Re7 29.Rbf1
Bh4 30.Ne3 Rbe8 31.Ng4 f5 32.exf5 Qg5 33.Qd3 Re1 34.Kg1 Rxf1+ 35.Rxf1 Ng3
36.Rd1 h5 37.Nh2 c4 38.Qd4 Nxf5 39.Qd2 Re1+ 40.Nf1 Qxd2 41.Rxd2 Ne3 42.Rf2
Bxf2+ 43.Kxf2 Rxf1+ 44.Kxe3 Kf7 45.Kd4 Ke7 46.Ne4 h4 47.g3 hxg3 48.Nxg3 Rf3
49.Ne4 Rb3 50.Kxc4 Rxb2 51.Nc3 Rh2 52.Nd1 Rxh3 53.Nf2 Ra3 {#R} 0-1

[Event "PRO League KO Stage 2017"]
[Site "chess.com INT"]
[Date "2017.03.08"]
[Round "2"]
[White "Checa,Nicolas D"]
[Black "Oussedik,E"]
[Result "1-0"]
[WhiteElo "2400"]
[BlackElo "2155"]

1.Nf3 Nf6 2.g3 b6 3.Bg2 Bb7 4.d4 e6 5.c4 Be7 6.O-O O-O 7.Re1 Qc8 8.Bg5 d5
9.cxd5 exd5 10.Nc3 h6 11.Bxf6 Bxf6 12.Rc1 Nd7 13.Qc2 a6 14.e4 dxe4 15.Nxe4 Bd8
16.Bh3 f5 17.Nd6 Qb8 18.Nxb7 Qxb7 19.Bg2 Qa7 20.Qc6 Nf6 21.Ne5 Ne4 22.Qe6+ Kh7
23.Nd7 Ng5 24.Nxf8+ Kh8 25.Qe8 {#r} 1-0

[Event "PRO League KO Stage 2017"]
[Site "chess.com INT"]
[Date "2017.03.08"]
[Round "2"]
[White "Roberson,P"]
[Black "Meier,Geo"]
[Result "0-1"]
[WhiteElo "2397"]
[BlackElo "2630"]

1.e4 e6 2.d4 d5 3.Nd2 dxe4 4.Nxe4 Nd7 5.Nf3 Ngf6 6.Bd3 c5 7.O-O cxd4 8.Nxd4
Be7 9.c3 a6 10.Re1 O-O 11.Be3 h6 12.Qe2 Qc7 13.Rad1 Re8 14.Nxf6+ Nxf6 15.Qf3
Bd7 16.Bf4 Qb6 17.Be5 Rac8 18.Qe2 Ba4 19.b3 Bd7 20.Nf3 Red8 21.Bd4 Bc5 22.Bxc5
Qxc5 23.c4 Be8 24.Qe5 Qa3 25.Bb1 b5 26.Rxd8 Rxd8 27.Qc7 Rd7 28.Qc8 bxc4 29.Ne5
Qa5 30.Nf3 cxb3 31.axb3 Qb6 32.h3 a5 33.Ne5 Rd2 34.Ng4 Kf8 35.Qc3 Qb4 36.Qxb4+
axb4 37.Nxf6 gxf6 38.Be4 f5 39.Bf3 Rb2 40.Re3 Ke7 41.g3 Bb5 42.Kg2 Kd6 43.Bd1
Rd2 44.Bh5 f6 45.Bf7 Bc6+ 46.Kf1 Bd5 47.Re1 Bxb3 48.Ra1 Bc4+ 49.Ke1 Re2+
50.Kd1 Rxf2 51.Ra6+ Bxa6 {#R} 0-1

[Event "PRO League KO Stage 2017"]
[Site "chess.com INT"]
[Date "2017.03.08"]
[Round "2"]
[White "Movsesian,S"]
[Black "Bacrot,E"]
[Result "1-0"]
[WhiteElo "2679"]
[BlackElo "2695"]

1.e4 e5 2.Nf3 Nc6 3.Bc4 Bc5 4.O-O Nf6 5.d3 O-O 6.c3 d5 7.exd5 Nxd5 8.h3 Nb6
9.Bb5 Bd6 10.Re1 Ne7 11.d4 exd4 12.cxd4 Bf5 13.Nc3 c6 14.Bf1 Ned5 15.Ne4 Bb4
16.Re2 h6 17.a3 Be7 18.Qb3 Qc7 19.Ng3 Bh7 20.Ne5 Rae8 21.Bd2 Bd6 22.Rae1 f6
23.Nd3 Rxe2 24.Nxe2 Re8 25.Nc5 Bh2+ 26.Kh1 Bd6 27.a4 Nd7 28.Nc3 Rxe1 29.Bxe1
Nxc5 30.dxc5 Bxc5 31.Nxd5 cxd5 32.Qxd5+ Kh8 33.Bc4 Qe7 34.Bc3 Bxf2 35.Bb4 Qe8
36.Qxb7 Be4 37.Qe7 Qxe7 38.Bxe7 f5 39.b4 g5 40.b5 Kg7 41.a5 g4 42.hxg4 fxg4
43.Be6 g3 44.Bd8 h5 45.Bd7 Kf7 46.Bh4 Bb7 47.Bg5 Bd5 48.Bd8 Be4 49.Bg5 Bd5
50.Bd8 Be4 51.a6 Bd5 52.Bh4 Be4 53.Bc8 Ke8 54.Bb7 Bf5 55.Bf3 Bg4 56.Bc6+ Bd7
57.Bg5 Bxc6 58.bxc6 Bb6 59.Bf6 Bf2 60.Bh4 Bb6 61.Bxg3 Ke7 62.Kh2 Ke6 63.Kh3
{#r} 1-0

[Event "PRO League KO Stage 2017"]
[Site "chess.com INT"]
[Date "2017.03.08"]
[Round "2"]
[White "Rendle,T"]
[Black "Agrest,I"]
[Result "1-0"]
[WhiteElo "2360"]
[BlackElo "2273"]

1.e4 e5 2.Nf3 Nc6 3.Bc4 Nf6 4.d3 Bc5 5.c3 a6 6.Bb3 Ba7 7.Nbd2 d6 8.h3 h6 9.Nf1
Ne7 10.Ng3 Ng6 11.O-O Be6 12.d4 Qd7 13.Bxe6 fxe6 14.Be3 O-O 15.Qb3 Kh7 16.Rad1
Qc8 17.a4 c5 18.dxc5 dxc5 19.Qc4 Qc6 20.a5 Rad8 21.b3 Rd6 22.Rd3 Rfd8 23.Rfd1
Rxd3 24.Rxd3 Rxd3 25.Qxd3 Qb5 26.Qxb5 axb5 27.Kf1 Nd7 28.b4 Bb8 29.Ne2 Bd6
30.Bd2 Ne7 31.Nc1 Nc6 32.Nd3 cxb4 33.cxb4 Nf6 34.Bc3 Nxe4 35.Bxe5 Bxb4 36.Nxb4
Nxb4 37.Nd4 Nd3 38.Bc7 b4 39.f3 Nc3 40.Nb3 Nd5 41.Bd6 Nb2 42.Ke2 Nc4 43.Bb8
Kg6 44.Kd3 Na3 45.Kd4 Nc2+ 46.Ke5 Kf7 47.g4 Ne1 48.Ke4 Nc3+ 49.Ke3 Nd5+ 50.Ke2
Nc2 51.Kd3 Ne1+ 52.Ke2 Nc2 53.Bd6 Kf6 54.Nc5 Nd4+ 55.Kd3 Nc6 56.Nxb7 b3 57.f4
b2 58.Kc2 Ne3+ 59.Kb1 Nc4 60.a6 Nxd6 61.Nxd6 Ke7 62.Nc4 Kd7 63.Ne5+ Kc7
64.Kxb2 {#r} 1-0

[Event "PRO League KO Stage 2017"]
[Site "chess.com INT"]
[Date "2017.03.08"]
[Round "2"]
[White "Jones,G"]
[Black "Henriquez Villagra,C"]
[Result "1-0"]
[WhiteElo "2676"]
[BlackElo "2538"]

1.e4 c5 2.Nf3 d6 3.Bb5+ Nd7 4.O-O Nf6 5.d4 cxd4 6.Qxd4 a6 7.Bxd7+ Bxd7 8.Bg5
h6 9.Bxf6 gxf6 10.Nc3 e6 11.Nd2 b5 12.a4 Be7 13.axb5 axb5 14.b4 O-O 15.Rxa8
Qxa8 16.Ne2 Qc6 17.Qe3 Kh7 18.Nd4 Qb6 19.Nxe6 {#r} 1-0

[Event "PRO League KO Stage 2017"]
[Site "chess.com INT"]
[Date "2017.03.08"]
[Round "2"]
[White "Jones,G"]
[Black "Agrest,E"]
[Result "1-0"]
[WhiteElo "2676"]
[BlackElo "2593"]

1.e4 c6 2.d4 d5 3.e5 Bf5 4.h4 a6 5.h5 Qc7 6.g4 Bd7 7.f4 c5 8.c3 Nc6 9.Be3 e6
10.Nf3 f6 11.Nbd2 O-O-O 12.exf6 gxf6 13.dxc5 e5 14.fxe5 Bxg4 15.Qa4 f5
16.O-O-O Bh6 17.Re1 Bxe3 18.Rxe3 Nge7 19.Bd3 Kb8 20.Kb1 Na7 21.Qb4 Nac6 22.Qa4
Na7 23.Nb3 Rhf8 24.Ng5 f4 25.Ree1 h6 26.Nh7 Bf5 27.Bxf5 Rxf5 28.Nd4 Rxe5
29.Ne6 Rxe6 30.Rxe6 d4 31.cxd4 Nec6 32.Nf6 Rxd4 33.Re8+ Nc8 34.Qb3 f3 35.Rf1
Rf4 36.Nd5 Qh7+ 37.Qc2 Qf7 38.Rxc8+ Kxc8 39.Nxf4 Qxf4 40.a3 Ne5 41.Ka2 Kb8
42.Qc3 f2 43.c6 Nxc6 44.Qc2 Qf7+ 45.Kb1 Qxh5 46.Qxf2 Qg6+ 47.Ka1 Qd3 48.Qf8+
Kc7 49.Rc1 Qd2 50.Qe7+ Kb6 51.Qc5+ Kc7 52.Qc3 Qg5 53.Rd1 h5 54.Qd3 Qe7 55.Rh1
h4 56.Qh3 Nd4 57.Qh2+ Kb6 58.Qf2 Qc5 59.Qxh4 Nb3+ 60.Ka2 Nd4 61.Qf2 Ka7 62.Qd2
Qc4+ 63.Kb1 Nb3 64.Qe3+ Nc5 65.Rc1 Qe4+ 66.Qxe4 Nxe4 67.Rd1 Nc5 68.Kc2 Kb6
69.b4 Ne4 70.Rd4 Ng5 71.Kd3 Nf7 72.Kc4 Kc6 73.Rf4 Nd6+ 74.Kb3 Kc7 75.a4 Kc6
76.Kc3 Kc7 77.Kd4 Nc8 78.Kc5 b6+ 79.Kd5 Ne7+ 80.Ke6 Nc6 81.Kd5 Ne7+ 82.Kc4 Nc6
83.Rf7+ Kd6 84.Rf6+ Kc7 85.Rf7+ Kd6 86.Rh7 Ne5+ 87.Kc3 Nc6 88.Rb7 b5 89.axb5
axb5 90.Rxb5 Kc7 91.Kc4 Ne7 92.Rh5 Nc8 93.Kc5 Kb8 94.Rh8 Kc7 95.Rxc8+ Kxc8
96.Kc6 Kb8 97.Kb6 Ka8 98.Ka6 Kb8 99.b5 Ka8 100.b6 Kb8 101.b7 {#r} 1-0

[Event "2nd CHN-IND Summit 2017"]
[Site "Liaocheng CHN"]
[Date "2017.03.07"]
[Round "3.1"]
[White "Ganguly,S"]
[Black "Lu Shanglei"]
[Result "0-1"]
[WhiteElo "2644"]
[BlackElo "2624"]

1.Nf3 c5 2.g3 Nc6 3.Bg2 g6 4.O-O Bg7 5.c4 d6 6.Nc3 Nf6 7.d4 cxd4 8.Nxd4 Bd7
9.Nc2 O-O 10.b3 Qc8 11.Re1 Bh3 12.Bh1 Ng4 13.Qd2 Rd8 14.Rb1 h5 15.Nd5 Nf6
16.Nf4 Bf5 17.e4 Bg4 18.f3 Bd7 19.Ne3 Be8 20.Bg2 e6 21.Bb2 Ne5 22.Qe2 Qc5
23.Red1 Nh7 24.a4 h4 25.gxh4 Bh6 26.Bd4 Qa5 27.Nh3 Nc6 28.Ng4 Bf8 29.Nf6+ Nxf6
30.Bxf6 Be7 31.Bxe7 Nxe7 32.f4 Bc6 33.Ng5 Qc5+ 34.Kh1 d5 35.f5 dxe4 36.Rxd8+
Rxd8 37.fxg6 Nxg6 38.Qh5 Qf5 39.Rf1 Nf4 40.Qh6 e3 41.Bxc6 e2 42.Rg1 Rd1
43.Nf3+ Rxg1+ 44.Kxg1 Qb1+ 45.Kf2 Qf1+ 46.Ke3 e1=Q+ 47.Nxe1 Qxe1+ 48.Kf3 Qe2+
{#R} 0-1

[Event "2nd CHN-IND Summit 2017"]
[Site "Liaocheng CHN"]
[Date "2017.03.07"]
[Round "3.2"]
[White "Sethuraman,S"]
[Black "Zhou Jianchao"]
[Result "1-0"]
[WhiteElo "2629"]
[BlackElo "2619"]

1.e4 e5 2.Nf3 Nc6 3.Bc4 Bc5 4.d3 Nf6 5.a4 d6 6.c3 a6 7.Bg5 h6 8.Bh4 g5 9.Bg3
Ba7 10.Nbd2 O-O 11.O-O Kg7 12.b4 g4 13.Bh4 Ne7 14.Bxf6+ Kxf6 15.Nh4 Kg7 16.Kh1
d5 17.Bb3 dxe4 18.dxe4 Ng8 19.g3 Qd3 20.Qe1 Rd8 21.Nc4 Be6 22.Rd1 Qxd1 23.Bxd1
Bxc4 24.Nf5+ Kh7 25.Be2 Be6 26.Bxg4 Nf6 27.Qe2 Nxe4 28.Ne7 {#r} 1-0

[Event "2nd CHN-IND Summit 2017"]
[Site "Liaocheng CHN"]
[Date "2017.03.07"]
[Round "3.4"]
[White "Bu Xiangzhi"]
[Black "Gupta,Ab"]
[Result "1-0"]
[WhiteElo "2711"]
[BlackElo "2627"]

1.d4 Nf6 2.Nf3 g6 3.Bg5 Bg7 4.Nbd2 O-O 5.e4 d5 6.Bd3 dxe4 7.Nxe4 Nxe4 8.Bxe4
Nd7 9.O-O h6 10.Be3 e5 11.Nxe5 Nxe5 12.dxe5 Bxe5 13.Qxd8 Rxd8 14.Bxh6 Bxb2
15.Rab1 Bd4 16.Bxb7 Bxb7 17.Rxb7 Bb6 18.c4 Rab8 19.Rxb8 Rxb8 20.Rd1 Bc5 21.h4
f6 22.g3 a5 23.Rd5 Rb1+ 24.Kg2 Bb4 25.Rd7 c5 26.Rg7+ Kh8 27.Rxg6 Rb2 28.Rxf6
Rxa2 29.g4 a4 30.g5 Kh7 31.Bf8 Kg8 32.g6 Bc3 33.Rf7 Re2 34.Bh6 {#r} 1-0

[Event "66th ch-GRE 2017"]
[Site "Thessaloniki GRE"]
[Date "2017.03.07"]
[Round "4.1"]
[White "Mastrovasilis,A"]
[Black "Ladopoulos,D"]
[Result "1-0"]
[WhiteElo "2537"]
[BlackElo "2138"]

1.d4 Nf6 2.Nf3 d6 3.g3 g6 4.Bg2 Bg7 5.O-O O-O 6.c4 Nbd7 7.Nc3 e5 8.b3 Re8
9.Bb2 e4 10.Ng5 e3 11.fxe3 h6 12.Nge4 Ng4 13.Nd5 c6 14.Nxd6 cxd5 15.Bxd5 Qe7
16.Rxf7 Qxe3+ 17.Kh1 Kh7 18.Nxe8 Qxe8 19.Qf1 Ne3 20.Qf3 Nxd5 21.cxd5 Kg8
22.Rf1 Nf8 23.d6 Bf5 24.Re7 Qc8 25.e4 Be6 26.d5 {#r} 1-0

[Event "66th ch-GRE 2017"]
[Site "Thessaloniki GRE"]
[Date "2017.03.07"]
[Round "4.2"]
[White "Halkias,S"]
[Black "Karagiannis,A"]
[Result "1-0"]
[WhiteElo "2584"]
[BlackElo "2194"]

1.c4 e6 2.Nf3 f5 3.g3 Nf6 4.Bg2 d5 5.O-O c6 6.d3 Bd6 7.Nc3 O-O 8.e4 Bb4 9.exd5
exd5 10.Qb3 Bxc3 11.bxc3 dxc4 12.Qxc4+ Qd5 13.Qa4 Be6 14.Re1 Bf7 15.Ne5 Qd8
16.Ba3 Re8 17.Nxf7 Kxf7 18.Qb3+ Kg6 19.Qxb7 Nbd7 20.Bd6 Qa5 21.Bb4 Qd8 22.Rxe8
Qxe8 23.Bxc6 Rb8 24.Qxa7 Qe6 25.Bg2 Qe2 26.Qe3 Qc2 27.h4 h6 28.h5+ Nxh5 29.Bh3
Ndf6 30.Qf3 f4 31.gxf4 Rd8 32.d4 Re8 33.Qd1 Qe4 34.Qb1 Nxf4 35.Qxe4+ Rxe4
36.Bf1 N6d5 37.a4 Kf6 38.a5 Ne6 39.Bg2 Rg4 40.Kf1 Ndf4 41.Bb7 Ng5 42.Rd1 Ngh3
43.Ke1 {#r} 1-0

[Event "66th ch-GRE 2017"]
[Site "Thessaloniki GRE"]
[Date "2017.03.07"]
[Round "4.3"]
[White "Kotronias,V"]
[Black "Nikolaidis,I"]
[Result "0-1"]
[WhiteElo "2524"]
[BlackElo "2557"]

1.e4 e5 2.Nf3 Nc6 3.Bb5 a6 4.Ba4 Nf6 5.O-O Be7 6.d3 d6 7.c3 O-O 8.Nbd2 Nd7
9.Bc2 Nb6 10.d4 Kh8 11.d5 Nb8 12.c4 a5 13.b3 Na6 14.a3 c6 15.Rb1 cxd5 16.exd5
Qc7 17.Nh4 g6 18.Nhf3 f5 19.h4 Bf6 20.Ng5 e4 21.Qe2 Nc5 22.g3 Qg7 23.Kg2 Bd7
24.Rh1 Kg8 25.Nf1 h6 26.Ne6 Bxe6 27.dxe6 Nxe6 28.Qd2 d5 29.cxd5 Nd4 30.Ne3
Rfd8 31.b4 a4 32.Bd1 h5 33.Bb2 Nxd5 34.Bxd4 Bxd4 35.Nxd5 Rxd5 36.Qa2 Qd7
37.Be2 Kh7 38.Rhd1 Rd6 39.Rbc1 Rd8 40.b5 Qe7 41.Qc4 R8d7 42.Qxa4 f4 43.f3 fxg3
44.Qc2 Be3 45.Rxd6 Rxd6 46.Rd1 Qxh4 47.Rh1 Qf4 48.Qxe4 Qxe4 49.fxe4 Bf4 50.Rd1
Rxd1 51.Bxd1 b6 52.e5 Bxe5 53.Bc2 Kh6 54.Be4 g5 55.Kh3 g4+ 56.Kh4 Bd4 57.Kxg3
Kg5 58.Kg2 h4 {#R} 0-1

[Event "66th ch-GRE 2017"]
[Site "Thessaloniki GRE"]
[Date "2017.03.07"]
[Round "4.5"]
[White "Kelires,Andreas"]
[Black "Simeonidis,I"]
[Result "1-0"]
[WhiteElo "2508"]
[BlackElo "2231"]

1.d4 g6 2.Nf3 Bg7 3.e4 d6 4.h3 Nf6 5.Nc3 O-O 6.Be2 c5 7.O-O cxd4 8.Nxd4 Nc6
9.Be3 d5 10.exd5 Nxd5 11.Nxd5 Qxd5 12.Bf3 Qc4 13.Be2 Qd5 14.Nxc6 bxc6 15.c3
Rb8 16.Qc1 Bf5 17.Bxa7 Ra8 18.Qe3 {#r} 1-0

[Event "ch-IRI 2017"]
[Site "Tehran IRI"]
[Date "2017.03.07"]
[Round "3.1"]
[White "Gholami,A"]
[Black "Idani,P"]
[Result "0-1"]
[WhiteElo "2426"]
[BlackElo "2576"]

1.e4 c5 2.Nf3 d6 3.d4 cxd4 4.Nxd4 Nf6 5.Nc3 a6 6.Qf3 g6 7.h3 Bg7 8.Be3 Bd7
9.Nd5 O-O 10.O-O-O Nc6 11.Nxc6 Bxc6 12.Bb6 Qd7 13.Bd4 Bxd5 14.exd5 Rac8 15.Kb1
b5 16.g4 e5 17.dxe6 fxe6 18.Qa3 Ne4 19.f3 Qc6 20.Bd3 Rxf3 21.Rhe1 d5 22.Bxg7
Kxg7 23.Qe7+ Rf7 24.Qb4 Qc5 25.Qa5 Nf2 26.Rd2 Rc6 27.Qd8 Qb4 28.Rde2 Qd4
29.Rd2 Qf4 30.Rde2 Nxd3 31.cxd3 Qf3 32.Rd2 Qxh3 33.Qe8 Rd6 34.Qb8 Qh4 35.Rc1
Qd8 36.Qxd8 Rxd8 37.Rc6 Rf4 38.Rg2 Kf6 39.Rxa6 Kg5 40.Rh2 Rd7 41.Rxe6 Rxg4
42.Kc2 h5 43.Kd2 h4 44.Ke3 Rg3+ 45.Kd4 h3 46.b3 Rh7 47.Ree2 Rh4+ 48.Kc5 Rxd3
49.Kxb5 Re4 50.Rb2 Re8 51.b4 Kh4 52.Kc6 g5 53.b5 g4 54.b6 g3 55.Rhc2 Rc8+
56.Kd7 Rxc2 57.Rxc2 Rf3 58.Ke7 g2 59.b7 g1=Q 60.b8=Q Qg7+ 61.Ke6 Qf7+ 62.Kd6
Qf4+ {#R} 0-1

[Event "ch-IRI 2017"]
[Site "Tehran IRI"]
[Date "2017.03.07"]
[Round "3.3"]
[White "Lorparizangeneh,S"]
[Black "Tabatabaei,M"]
[Result "0-1"]
[WhiteElo "2524"]
[BlackElo "2515"]

1.e4 e5 2.Nf3 Nc6 3.Bb5 a6 4.Ba4 Nf6 5.O-O b5 6.Bb3 Bb7 7.d3 Be7 8.Nc3 O-O
9.Bd2 d6 10.Nd5 Nxd5 11.exd5 Nb8 12.Re1 Nd7 13.c4 f5 14.Rc1 Bf6 15.Ba5 Rc8
16.Bc2 g5 17.b4 g4 18.Nd2 Qe8 19.Bb3 Qf7 20.cxb5 axb5 21.Bxc7 Be7 22.a4 bxa4
23.Bxa4 Nf6 24.b5 Kh8 25.Nf1 f4 26.Bb3 f3 27.gxf3 Nxd5 28.Ng3 Bg5 29.Ne4 Bxc1
30.Bxd6 Bf4 31.Bxf8 Qxf8 32.fxg4 Rc1 33.Qe2 Nc3 34.Nxc3 Qh6 35.f3 Bxf3 {#R}
0-1

[Event "ch-IRI 2017"]
[Site "Tehran IRI"]
[Date "2017.03.07"]
[Round "3.4"]
[White "Bagheri,Maziar"]
[Black "Maghsoodloo,Parham"]
[Result "0-1"]
[WhiteElo "2302"]
[BlackElo "2576"]

1.d4 Nf6 2.c4 g6 3.f3 d5 4.cxd5 Nxd5 5.e4 Nb6 6.Nc3 Bg7 7.Be3 O-O 8.Qd2 Nc6
9.d5 Ne5 10.b3 e6 11.Rd1 exd5 12.exd5 Re8 13.Be2 Bf5 14.Bd4 Nd3+ 15.Qxd3 Bxd3
16.Rxd3 Bxd4 17.Rxd4 Qg5 {#R} 0-1

[Event "ch-IRI 2017"]
[Site "Tehran IRI"]
[Date "2017.03.07"]
[Round "3.5"]
[White "Pourramezanali,A"]
[Black "Darini,P"]
[Result "1-0"]
[WhiteElo "2510"]
[BlackElo "2518"]

1.e4 c5 2.Nf3 d6 3.d4 cxd4 4.Nxd4 Nf6 5.Nc3 a6 6.Be2 e6 7.O-O Qc7 8.f4 Nc6
9.Kh1 Bd7 10.Be3 Be7 11.Qe1 h5 12.a4 Rc8 13.Rd1 h4 14.Bf3 Nxd4 15.Bxd4 e5
16.Be3 Qa5 17.Rd3 Be6 18.b3 exf4 19.Bxf4 Nd7 20.Nd5 Qxe1 21.Rxe1 Ne5 22.Bxe5
dxe5 23.c3 Bxd5 24.exd5 Bd6 25.Bg4 Rc7 26.a5 g6 27.Rc1 f5 28.Be2 Ke7 29.c4 e4
30.Rdd1 Rb8 31.Ra1 b6 32.Rdb1 b5 33.cxb5 axb5 34.a6 Ra7 35.Rc1 Rb6 36.Rc6 Rxc6
37.dxc6 b4 38.Rd1 Rc7 39.Bb5 Bc5 40.g3 h3 41.Rc1 Bb6 42.Bf1 Kd6 43.Bxh3 Rxc6
44.Rxc6+ Kxc6 45.Bf1 g5 46.h4 gxh4 47.gxh4 f4 48.Kg2 Kd6 49.Kh3 Ke5 50.Kg4 f3
51.h5 Kf6 52.Kf4 e3 53.Kxf3 Kg5 54.Ke4 Kxh5 55.Kd5 Kg4 56.Kc4 Kf3 57.Kxb4 e2
58.Bxe2+ Kxe2 59.Kb5 Bf2 60.Kc6 Kd3 61.b4 {#r} 1-0

[Event "ch-IRI 2017"]
[Site "Tehran IRI"]
[Date "2017.03.07"]
[Round "3.6"]
[White "Mousavi,Se"]
[Black "Mosadeghpour,Masoud"]
[Result "0-1"]
[WhiteElo "2412"]
[BlackElo "2444"]

1.d4 d5 2.Nf3 Nf6 3.e3 e6 4.c4 Be7 5.Nc3 O-O 6.Bd3 dxc4 7.Bxc4 c5 8.O-O a6
9.Bd3 Nc6 10.a3 cxd4 11.exd4 b5 12.Bf4 Bb7 13.Rc1 b4 14.axb4 Nxb4 15.Bb1 Rc8
16.Qe2 Qb6 17.Be5 Nd7 18.Bg3 Rfd8 19.Rfd1 Nf8 20.Ne4 Bd5 21.Rxc8 Rxc8 22.Nc3
Bc4 23.Qd2 Nd5 24.Ne5 Bb3 25.Rc1 Bb4 26.Qd3 Qb7 27.Ne2 Ba4 28.Rxc8 Qxc8 29.Qf3
f6 30.Nd3 Qc4 31.h3 Bd1 32.Qe4 Bc2 33.Bxc2 Qxc2 34.Kh2 Be7 35.Qf3 Qc4 36.Ndf4
Nxf4 37.Bxf4 Ng6 38.Bg3 Kf7 39.b3 Qd5 40.Qc3 h5 41.Nf4 Nxf4 42.Bxf4 g5 43.Bc7
Qf5 44.Kg1 Qe4 45.f3 Qe2 46.Kh2 g4 47.fxg4 hxg4 48.Qg3 gxh3 49.Qxh3 Qe4 50.Qc3
Qd5 51.Kg1 Ke8 52.Bf4 Bd8 53.Qd3 Kd7 54.Be3 Qb5 55.Qh7+ Be7 56.Qc2 Bd6 57.Qh7+
Be7 58.Qc2 f5 59.Bf4 Bf6 60.Qc7+ Ke8 61.Qc8+ Kf7 62.Qc7+ Kg6 63.Qc3 Qe2 64.Be3
Bh4 65.d5 f4 66.Bxf4 Qf2+ 67.Kh1 Qf1+ 68.Kh2 Qxf4+ 69.Kh3 Bf6 {#R} 0-1

[Event "ch-IRI 2017"]
[Site "Tehran IRI"]
[Date "2017.03.07"]
[Round "4.1"]
[White "Idani,P"]
[Black "Mosadeghpour,Masoud"]
[Result "1-0"]
[WhiteElo "2576"]
[BlackElo "2444"]

1.d4 e6 2.e4 d5 3.e5 c5 4.c3 Ne7 5.Nf3 Nec6 6.Bd3 Be7 7.O-O Nd7 8.a3 a5 9.a4
O-O 10.Na3 cxd4 11.cxd4 Nb4 12.Bb1 b6 13.Nb5 Ba6 14.Re1 Re8 15.Ra3 Nf8 16.Rc3
Rc8 17.Bf4 Qd7 18.Ng5 Rxc3 19.bxc3 Nc6 20.Bd3 h6 21.Nf3 Na7 22.Nd6 Bxd6
23.Bxa6 Be7 24.Qb3 Rb8 25.Rb1 Qc7 26.h3 b5 27.axb5 Nd7 28.Qa2 Bd8 29.Qa3 Rb6
30.Qxa5 Rxb5 31.Rxb5 Qxa5 32.Rxa5 Bxa5 33.Bd2 Nb6 34.Kf1 Na4 35.c4 Bxd2
36.Nxd2 dxc4 37.Bxc4 Nc3 38.Ke1 Kf8 39.Nb3 Nc8 40.Kd2 Ne4+ 41.Ke3 Nc3 42.Kd3
Nd1 43.Nc5 Nb2+ 44.Kc3 Nxc4 45.Kxc4 Nb6+ 46.Kb5 Nd5 47.g3 Ke7 48.Nd3 Nc3+
49.Kc4 Ne4 50.d5 Nd2+ 51.Kc5 Ne4+ 52.Kd4 exd5 53.Kxd5 Nc3+ 54.Kd4 Nb5+ 55.Kc4
Nc7 56.Nf4 Ne8 57.Kd4 f6 58.Nd5+ Ke6 59.exf6 gxf6 60.Nf4+ Kf5 61.Ng2 Nd6
62.Kd5 Nb5 63.Nh4+ Kg5 64.f4+ Kh5 65.Ke6 Nc3 66.Kf7 Ne2 67.Nf5 Nxf4 68.Ng7+
Kg5 69.h4+ {#r} 1-0

[Event "ch-IRI 2017"]
[Site "Tehran IRI"]
[Date "2017.03.07"]
[Round "4.6"]
[White "Gholami,A"]
[Black "Firouzja,Alireza"]
[Result "1-0"]
[WhiteElo "2426"]
[BlackElo "2470"]

1.e4 c5 2.Nf3 d6 3.c3 Nf6 4.Be2 g6 5.O-O Bg7 6.Bb5+ Nc6 7.d4 O-O 8.d5 Nb8
9.Bd3 e5 10.dxe6 Bxe6 11.c4 Nc6 12.Nc3 Bg4 13.h3 Bxf3 14.Qxf3 Nd7 15.Qg3 Nde5
16.Bg5 Qa5 17.f4 Nd7 18.Rac1 h6 19.Bh4 a6 20.Qg4 Nb6 21.Be1 h5 22.Qd1 Nc8
23.e5 Qd8 24.Nd5 Re8 25.Nf6+ Bxf6 26.exf6 Qxf6 27.Bc3 Nd4 28.f5 g5 29.Qxh5 Re3
30.Rce1 Rxe1 31.Rxe1 Ne7 32.Rf1 Kg7 33.Bd2 Rh8 34.Qg4 Rh4 35.Qxg5+ Qxg5
36.Bxg5 Nexf5 37.Bxf5 Nxf5 38.Rxf5 Rxc4 39.Rd5 f6 40.Bd2 b5 41.Rxd6 b4 42.Rxa6
Rc2 43.Be3 c4 44.Bd4 {#r} 1-0

[Event "ch-IRI Women 2017"]
[Site "Tehran IRI"]
[Date "2017.03.07"]
[Round "3.2"]
[White "Alinasab,Mobina"]
[Black "Asadi,Motahare"]
[Result "1-0"]
[WhiteElo "2220"]
[BlackElo "2028"]

1.e4 c5 2.Nf3 e6 3.d4 cxd4 4.Nxd4 a6 5.Nc3 Qc7 6.Qf3 Nf6 7.Bg5 Qe5 8.Be3 Bb4
9.O-O-O Bxc3 10.bxc3 O-O 11.Bd3 d5 12.exd5 Nxd5 13.Bd2 Nd7 14.Qg3 b5 15.Rde1
Qxg3 16.hxg3 h6 17.Nb3 Bb7 18.g4 N5f6 19.f3 Rfc8 20.Rh3 Kf8 21.g5 hxg5 22.c4
g6 23.cxb5 axb5 24.Rh8+ Kg7 25.Rxc8 Rxc8 26.Bxb5 g4 27.fxg4 Nb6 28.Be3 Nc4
29.Bxc4 Rxc4 30.Na5 Rb4 31.Nxb7 Rxb7 32.Bd4 Rb5 33.Re5 Rb4 34.c3 Rxd4 35.cxd4
Nxg4 36.Re2 Nf6 37.a4 Nd5 38.a5 Nc7 39.Rc2 {#r} 1-0

[Event "Accentus Young Masters"]
[Site "Bad Ragaz SUI"]
[Date "2017.03.07"]
[Round "7.2"]
[White "Colmenares,A"]
[Black "Hera,I"]
[Result "0-1"]
[WhiteElo "2370"]
[BlackElo "2609"]

1.e4 c5 2.Nf3 e6 3.d4 cxd4 4.Nxd4 a6 5.Bd3 Nf6 6.O-O d6 7.c4 Be7 8.Nc3 O-O
9.b3 b6 10.Bb2 Bb7 11.Qe2 Nbd7 12.f4 Qc7 13.Rad1 Rfe8 14.Bb1 Bf8 15.Nf3 Rad8
16.Kh1 g6 17.Qd2 Qb8 18.f5 Ng4 19.Qf4 Nge5 20.Nxe5 Nxe5 21.f6 b5 22.cxb5 axb5
23.Nxb5 Ba6 24.a4 Bxb5 25.axb5 Qxb5 26.Qg3 Rb8 27.Bd3 Qxb3 28.Bxe5 dxe5
29.Qxe5 h5 30.Qg5 Red8 31.Qg3 h4 32.Qf3 Bd6 33.Qh3 Be5 34.Qf3 Qc3 35.g3 Rb2
36.Be2 Rxd1 37.Rxd1 Qc2 38.Qe3 Bxf6 {#R} 0-1

[Event "Accentus Young Masters"]
[Site "Bad Ragaz SUI"]
[Date "2017.03.07"]
[Round "7.3"]
[White "Gaehwiler,G"]
[Black "Dragnev,Valentin"]
[Result "1-0"]
[WhiteElo "2401"]
[BlackElo "2520"]

1.e4 e5 2.Nf3 Nc6 3.Bc4 Bc5 4.c3 Nf6 5.d4 exd4 6.cxd4 Bb4+ 7.Nbd2 Bxd2+ 8.Nxd2
d5 9.exd5 Qe7+ 10.Be2 Nxd5 11.O-O O-O 12.Bf3 Be6 13.Nb3 Rad8 14.Be3 Rfe8
15.Re1 b6 16.Rc1 Qd7 17.a3 Nce7 18.Nd2 Nf5 19.Ne4 h6 20.Nc3 Re7 21.Be4 Nfxe3
22.fxe3 Bg4 23.Qd3 Nf6 24.Bf3 Bxf3 25.gxf3 c5 26.Ne2 Qd5 27.e4 Qg5+ 28.Kh1
cxd4 29.Rg1 Qe5 30.Ng3 Nh5 31.Nf5 Re6 32.Rc4 Nf4 33.Rxd4 Nxd3 34.Rxd8+ Re8
35.Rxg7+ Kh8 36.Rxd3 Qxb2 37.Rd6 Qc1+ 38.Rg1 {#r} 1-0

[Event "Accentus Young Masters"]
[Site "Bad Ragaz SUI"]
[Date "2017.03.07"]
[Round "7.5"]
[White "Kaczmarczyk,D"]
[Black "Studer,N"]
[Result "0-1"]
[WhiteElo "2411"]
[BlackElo "2462"]

1.d4 Nf6 2.c4 e6 3.Nf3 d5 4.Nc3 Nbd7 5.Bf4 dxc4 6.e3 a6 7.a4 c5 8.dxc5 Bxc5
9.Bxc4 b6 10.O-O Bb7 11.Qe2 Nh5 12.Rad1 Qe7 13.Bg5 Nhf6 14.e4 h6 15.Bh4 g5
16.Bg3 Nh5 17.e5 O-O 18.Ne4 Rfd8 19.Nxc5 Nxg3 20.hxg3 Qxc5 21.Ba2 Bxf3 22.Qxf3
Nxe5 23.Qf6 Rxd1 24.Rxd1 Rc8 25.Bxe6 fxe6 26.Qxe6+ Kg7 27.Rd6 Qxd6 {#R} 0-1

[Event "Stockholm Chess Challenge"]
[Site "Stockholm SWE"]
[Date "2017.03.07"]
[Round "2.1"]
[White "Lindgren,P"]
[Black "Blomqvist,E"]
[Result "0-1"]
[WhiteElo "2421"]
[BlackElo "2554"]

1.d4 Nf6 2.c4 e6 3.Nf3 d5 4.g3 dxc4 5.Bg2 Bd7 6.Ne5 Bc6 7.Nxc6 Nxc6 8.O-O Qd7
9.Nc3 Be7 10.e3 Rd8 11.Qe2 e5 12.Qxc4 exd4 13.exd4 Nxd4 14.Bg5 O-O 15.Bxf6
Bxf6 16.Nd5 c6 17.Nxf6+ gxf6 18.Rad1 Rfe8 19.Kh1 b6 20.b4 Qd6 21.Rd3 c5
22.bxc5 bxc5 23.Rc1 Re5 24.f4 Re7 25.h3 Rc7 26.Kh2 Kg7 27.Ra3 Rb8 28.Qd5 Qe7
29.Rcc3 Qe1 30.Re3 Qf2 31.h4 Rb2 32.Re8 Rd7 33.Qa8 Ne6 34.Rg8+ Kh6 35.f5 Rdb7
36.Qxb7 Rxb7 37.Rf3 Qxa2 38.fxe6 Qxe6 39.g4 Qe5+ 40.Kh3 Rb6 41.Rg3 Qe6 42.Kh2
Rb2 43.Rf3 Rb8 44.g5+ fxg5 45.hxg5+ Kh5 46.Rxb8 Qe5+ {#R} 0-1